=LDR 00000nam 2200000 4500 =001 INLIS000000000046532 =005 20150406112001.0 =006 =007 =008 =035 ##$$0010-041500000000014 =082 ##$$a 372.7 =090 ##$$a 372.7 kan m =100 ##$$a kanti setyobekti =245 ##$$a matematika untuk sd dan mi lelas iv =260 ##$$a jakarta $b dian rakyat =300 ##$$a 214 hlm. =850 ##$$a NPBMAT